01928nam a22001937a 450000500170000000800410001702000180005804000090007604100080008508200200009310000170011324500290013026000410015930000250020036500690022552013750029465000460166970000190171520210930150736.0210930b ||||| |||| 00| 0 eng d a9789391019747 caloy aeng 223a158.1bSHRE aRobin Sharma aEveryday Hero Manifesto  aMumbaibJaico Publishing Housec2021 a384bPBc23x15.5 cm. 2GeneralaBLCR-000058b₹319.20c₹d₹399.00e20%f23-09-2021 aFor over twenty-five years, leadership legend and personal-mastery path-blazer Robin Sharma has mentored billionaires, business titans, professional-sports superstars and entertainment royalty via a revolutionary methodology that led them to accomplish rare-air results. Now, in this groundbreaking book, Sharma makes his transformational system available to anyone who is ready for undefeatable positivity, monumental productivity, deep spiritual freedom and a life of helping others. In The Everyday Hero Manifesto you will discover: · The hidden habits used by many of the world’s most creative and successful people to realize their visionary ambitions · Original techniques to turn fear into fuel, problems into power and past troubles into triumphs · A breakthrough blueprint to battle-proof yourself against distraction and procrastination so that you produce magic that dominates your domain · Pioneering insights on adopting world-class routines that will lead you to achieve superhuman fitness and become the most disciplined person you know · Unusual wisdom to operate with far more simplicity, beauty and peace Part memoir of a life richly lived, part instruction manual for virtuoso-grade performance, and part handbook for spiritual freedom in an age of high-velocity change, The Everyday Hero Manifesto will completely transform your life. Forever. 2 Success, Self-actualization (Psychology) aSHARMA (Robin)